[Event "Stay Safe Play From Home 329"]
[Site "Mustafa Kemal Atatürk"]
[Date "2020.07.24"]
[Round "2"]
[White "SelamiSahin"]
[Black "Little champs"]
[Result "1-0"]
[WhiteElo "2113"]
[BlackElo "2349"]
[Annotator "TA"]
[PlyCount "133"]
[EventDate "2020.07.24"]
[EventType "swiss (blitz)"]

{[%evp 9,133,9,12,-8,11,-34,2,-40,-14,-67,-11,-9,1,-17,15,10,31,-17,72,69,78,75,155,154,157,137,135,122,125,126,126,118,132,105,109,113,128,139,139,147,137,25,368,354,331,256,368,251,257,252,251,245,264,257,304,271,330,350,451,0,0,0,604,0,1111,1087,1085,834,805,366,357,365,325,322,495,374,350,343,617,600,727,575,575,575,539,444,621,8,29985,29986,29986,29985,29985,0,29984,12833,29991,29992,29992,29992,29993,29992,29994,29993,29993,29992,29992,29993,29993,29993,29993,29994,29995,29996,29996,29997,29997,29998,29998,29998,29998,29997,29997,29997,29997,29998]} 1. d4 c6 2. c4 d5 3. Nc3 dxc4 4. Nf3 Nf6 5. Ne5 g6 6. Nxc4 {D15: Slav Defence: 4 Nc3 a6 and gambit lines after 4 Nc3 dxc4.} (6. e3 {feels hotter.} Nbd7 7. f4 Nb6 8. e4 Bg7 9. Be3) 6... Bg7 {[#]} 7. a4 $146 ({Predecessor:} 7. g3 b5 8. Ne5 b4 9. Qb3 O-O 10. Qxb4 a5 11. Qa4 c5 12. Bg2 cxd4 13. Bxa8 dxc3 14. O-O Nd5 15. Rd1 Nb6 16. Rxd8 Nxa4 17. Rxf8+ Kxf8 18. b3 Bxe5 19. bxa4 c2 20. Bh6+ {1-0 (20) Rabrenovic,V (2357)-Todorovic,B (2277) Golubac 2008}) 7... O-O 8. e3 {The position is equal.} Be6 9. Nd2 {[#]} (9. e4 $11) 9... Nbd7 (9... c5 $1 $15 {[%mdl 512]} 10. dxc5 Nbd7) 10. Nf3 $11 Nd5 11. Bd3 f6 12. O-O Bf7 13. e4 Nxc3 (13... Nb4 $11) 14. bxc3 $16 c5 15. d5 Ne5 ({Black should try} 15... e6) 16. Nxe5 fxe5 17. c4 e6 {[%cal Re6d5]} 18. Rb1 Rb8 19. Be3 b6 20. Qg4 exd5 21. exd5 Qd6 22. h4 Rbe8 23. a5 Re7 24. axb6 axb6 25. Rb5 (25. Bg5 $16 Ra7 26. Be4) 25... Rfe8 $2 {[%mdl 8192]} (25... Be8 $11 {and Black stays safe.} 26. Rbb1 e4) 26. Rfb1 $18 e4 27. Be2 Rb7 (27... Bd4 $142 28. Rxb6 Qe5) 28. Bf4 Be5 29. Bxe5 Qxe5 30. Rxb6 Rxb6 31. Rxb6 e3 {Threatens to win with ...Qa1+.} 32. f4 Qa1+ 33. Kh2 Qe1 34. Rf6 $2 (34. Rc6 $18) 34... Kg7 $11 35. Rc6 {aiming for h5.} Qf2 $2 {[%mdl 8192] White now steadily converts the win.} (35... h5 $11 36. Qf3 Ra8) 36. Rc7 $2 (36. d6 $1 $18) 36... Rf8 $2 {[%mdl 8192]} (36... Re4 $11 37. Bf3 e2 38. Bxe4 e1=Q 39. Rxf7+ Kxf7 40. Qe6+ {[#]} Kf8 $1 {[%mdl 512]} 41. Qf6+ Kg8 $1 {[%mdl 512]} 42. Qe6+ Kh8 $1 {[%mdl 512]} 43. Qf6+ Kg8 $1 {[%mdl 512]} 44. Qe6+ Kf8 $1 {[%mdl 512]} 45. Qf6+ Kg8 $1 {[%mdl 512]}) 37. h5 $18 Kg8 38. hxg6 hxg6 39. f5 (39. Bd3 $142 Be8 40. Re7 Qxf4+ 41. Qxf4 Rxf4 42. Rxe8+ Kf7 43. Rxe3) 39... Qxf5 40. Qxf5 gxf5 {[%mdl 4096] Endgame KRB-KRB} 41. Kg3 ({Don't do} 41. Rxc5 Ra8 $18) 41... Kg7 (41... Rb8 {is a better defense.} 42. Kf4 Rb2) 42. Kf3 Kf6 {Black wants to play ...Bh5+.} 43. Kxe3 Rh8 $2 (43... Ke5 44. Bf3 f4+ 45. Kd3 Kd6 46. Rc6+ Ke5 47. Rxc5 Ra8) 44. Bf3 Rh2 45. Rc6+ Ke5 46. Rxc5 f4+ 47. Kf2 Kd6 48. Kg1 $2 (48. Rc6+ $18 Ke5 49. Rc7) 48... Kd7 $2 {[%mdl 8192]} (48... Rxg2+ $11 49. Kxg2 Kxc5) 49. Kxh2 Be8 50. Kh3 Kd6 51. Kh2 Kd7 $1 52. Rc8 (52. Rc6 $142 Kd8 53. Rd6+ Ke7 54. c5 Bb5 55. Rh6 Kf7 56. c6 Bd3 57. d6) 52... Kd6 53. Rxe8 {White mates.} Kc5 54. Kh3 Kd4 55. Kg4 Kxc4 56. Kxf4 Kc5 {[#]} 57. d6 $1 Kxd6 58. Re5 Kd7 59. g4 Kd6 60. g5 Kd7 61. g6 Kd6 62. g7 Kc7 63. g8=Q Kb6 64. Qe8 Ka6 65. Re7 Kb6 66. Qd8+ Kc5 67. Rc7+ {Accuracy: White = 51%, Black = 44%.} 1-0

[Event "Stay Safe Play From Home 329"]
[Site "Mustafa Kemal Atatürk"]
[Date "2020.07.24"]
[Round "2"]
[White "Lazieri3"]
[Black "New ton"]
[Result "1-0"]
[WhiteElo "2051"]
[BlackElo "1620"]
[PlyCount "75"]
[EventDate "2020.07.24"]
[EventType "swiss (blitz)"]

1. e4 {[%emt 0:00:02]} d5 {[%emt 0:00:00]} 2. Nc3 {[%emt 0:00:00]} dxe4 {[%emt 0:00:02]} 3. Nxe4 {[%emt 0:00:00]} Nc6 {[%emt 0:00:01]} 4. d4 {[%emt 0:00:01]} Nf6 {[%emt 0:00:01]} 5. Nxf6+ {[%emt 0:00:02]} exf6 {[%emt 0:00:01]} 6. c3 {[%emt 0:00:00]} Bg4 {[%emt 0:00:03]} 7. Nf3 {[%emt 0:00:00]} Bd6 {[%emt 0:00:02]} 8. Be2 {[%emt 0:00:01]} Qe7 {[%emt 0:00:03]} 9. O-O {[%emt 0:00:01]} O-O-O {[%emt 0:00:02]} 10. Re1 {[%emt 0:00:02]} g5 {[%emt 0:00:01]} 11. Qa4 {[%emt 0:00:02]} Qd7 {[%emt 0:00:01]} 12. h3 {[%emt 0:00:05]} Bxf3 {[%emt 0:00:02]} 13. Bxf3 {[%emt 0:00:00]} Rhe8 {[%emt 0:00:01]} 14. Bd2 {[%emt 0:00:02]} Rxe1+ {[%emt 0:00:02]} 15. Rxe1 {[%emt 0:00:00]} Re8 {[%emt 0:00:01]} 16. Bxc6 {[%emt 0:00:01]} Qxc6 {[%emt 0:00:01]} 17. Rxe8+ {[%emt 0:00:04]} Kd7 {[%emt 0:00:02]} 18. Qxc6+ {[%emt 0:00:02]} Kxc6 {[%emt 0:00:01]} 19. Rh8 {[%emt 0:00:01]} h5 {[%emt 0:00:03]} 20. Rxh5 {[%emt 0:00:01]} Bf4 {[%emt 0:00:01]} 21. Bxf4 {[%emt 0:00:01]} gxf4 {[%emt 0:00:01]} 22. Rf5 {[%emt 0:00:00]} Kd6 {[%emt 0:00:01]} 23. Rxf6+ {[%emt 0:00:01]} Ke7 {[%emt 0:00:01]} 24. Rxf4 {[%emt 0:00:00]} c6 {[%emt 0:00:01]} 25. Rg4 {[%emt 0:00:00]} b6 {[%emt 0:00:00]} 26. h4 {[%emt 0:00:01]} a6 {[%emt 0:00:00]} 27. h5 {[%emt 0:00:01]} a5 {[%emt 0:00:00]} 28. h6 {[%emt 0:00:00]} b5 {[%emt 0:00:00]} 29. h7 {[%emt 0:00:01]} b4 {[%emt 0:00:00]} 30. h8=Q {[%emt 0:00:01]} bxc3 {[%emt 0:00:01]} 31. Qe5+ {[%emt 0:00:00]} Kd7 {[%emt 0:00:02]} 32. bxc3 {[%emt 0:00:02]} f6 {[%emt 0:00:00]} 33. Qxf6 {[%emt 0:00:01]} Kc7 {[%emt 0:00:01]} 34. Rg7+ {[%emt 0:00:00]} Kb6 {[%emt 0:00:01]} 35. c4 {[%emt 0:00:00]} a4 {[%emt 0:00:00]} 36. Rg6 {[%emt 0:00:01]} a3 {[%emt 0:00:00]} 37. Qxc6+ {[%emt 0:00:01]} Ka5 {[%emt 0:00:01]} 38. Qb5# {[%emt 0:00:01] (Lag: Av=0.76s, max=1.1s) Mate} 1-0

[Event "Stay Safe Play From Home 329"]
[Site "Mustafa Kemal Atatürk"]
[Date "2020.07.24"]
[Round "2"]
[White "NeatFox"]
[Black "Mepe_Nika"]
[Result "0-1"]
[WhiteElo "1841"]
[BlackElo "2422"]
[Annotator "TA"]
[PlyCount "108"]
[EventDate "2020.07.24"]
[EventType "swiss (blitz)"]

{[%evp 9,107,-160,-155,-166,-158,-168,-142,-164,-144,-162,-138,-144,-127,-195,-190,-231,-220,-232,-236,-556,-540,-1747,-1716,-1584,-1123,-1114,-237,-1090,-624,-586,-352,-339,-345,-346,-346,-343,-336,-343,-332,-346,-332,-323,-312,-305,-262,-292,0,-305,-270,-321,-329,-356,-355,-343,-355,-363,-325,-412,-401,-407,-393,-398,-375,-402,-375,-424,-422,-499,-499,-617,-595,-608,-579,-1834,-1459,-1810,-1697,-1829,-1812,-1576,-1411,-29987,-29988,-29993,-29988,-29988,-29989,-29994,-29995,-29995,-29996,-29996,-29996,-29996,-29997,-29997,-29998,-29998,-29999,-29999]} 1. g4 d6 2. Bg2 Bxg4 3. c4 {[#]} Nc6 $146 ({Predecessor:} 3... c6 4. d4 Nd7 5. d5 c5 6. Nc3 Ngf6 7. b3 g6 8. Qd2 Bg7 9. Bb2 a6 {½-½ (50) Coppel,I (1193)-Laramore,V (1020) IECC email 2002}) 4. Qb3 Rb8 5. Nc3 e5 6. e3 {A00: Irregular Openings.} Nf6 7. Nge2 Be7 8. d4 {Black is clearly better.} exd4 9. Nxd4 Nxd4 10. exd4 O-O 11. Nd5 (11. O-O $17) 11... Nxd5 $19 12. Bxd5 c6 13. Be4 Re8 14. Be3 $2 {[#]} (14. O-O {is tougher.}) 14... Bg5 15. Bc2 Bxe3 16. fxe3 Qh4+ 17. Kd2 d5 $2 {[#]} (17... Qf2+ 18. Kc1 Rxe3) 18. cxd5 $2 (18. Raf1) 18... Bf3 19. Rhf1 Bxd5 20. Qd3 Qxh2+ 21. Qe2 Qxe2+ 22. Kxe2 Re6 23. Kd2 Rbe8 24. Rfe1 Be4 25. Bb3 Rh6 26. Re2 Bd5 27. Bc2 Be4 28. Bb3 $1 Rg6 29. Rf2 Re7 30. Raf1 {[%cal Rf2f7]} Rg2 31. Rxg2 Bxg2 {[%mdl 4096] Endgame KRB-KRB} 32. Rf2 Bd5 33. Kd3 Bxb3 34. axb3 {KR-KR} g6 35. e4 Kg7 36. e5 h5 37. Rh2 Kh6 38. Ke4 g5 39. Kf5 Re6 40. Rg2 g4 41. Rh2 Rg6 42. Rf2 g3 43. Rg2 h4 44. Kf4 Kh5 45. Re2 g2 {Black mates.} 46. e6 fxe6 47. Re5+ Kh6 48. Rg5 Rxg5 {KR-K3P} 49. Ke4 g1=Q 50. Kd3 Qc1 51. d5 exd5 52. b4 Qc4+ 53. Kd2 Rg2+ 54. Ke3 Qe4# {Accuracy: White = 47%, Black = 72%.} 0-1

[Event "Stay Safe Play From Home 329"]
[Site "Mustafa Kemal Atatürk"]
[Date "2020.07.24"]
[Round "2"]
[White "Edmatuag"]
[Black "Mandy"]
[Result "1-0"]
[WhiteElo "1615"]
[BlackElo "892"]
[Annotator "NA"]
[PlyCount "31"]
[EventDate "2020.07.24"]
[EventType "swiss (blitz)"]

1. e4 {[%emt 0:00:01]} c6 {[%emt 0:00:02]} 2. Nf3 {[%emt 0:00:01]} d5 {[%emt 0:00:01]} 3. e5 {[%emt 0:00:01]} e6 {[%emt 0:00:01]} 4. d4 {[%emt 0:00:00]} Be7 {[%emt 0:00:03]} 5. Bd3 {[%emt 0:00:01]} g6 {[%emt 0:00:06]} 6. c3 {[%emt 0:00:00]} f6 {[%emt 0:00:01]} 7. O-O {[%emt 0:00:00]} fxe5 {[%emt 0:00:02]} 8. Nxe5 {[%emt 0:00:00]} Bd6 {[%emt 0:00:09]} 9. f4 {[%emt 0:00:01]} Ne7 {[%emt 0:00:03]} 10. Qg4 {[%emt 0:00:01]} Qd7 {[%emt 0:00:06]} 11. Nxd7 {[%emt 0:00:08]} Nxd7 {[%emt 0:00:05]} 12. Nd2 {[%emt 0:00:01]} Nf6 {[%emt 0:00:02]} 13. Qg3 {[%emt 0:00:03]} Nh5 {[%emt 0:00:02]} 14. Qg5 {[%emt 0:00:01]} Ng7 {[%emt 0:00:03]} 15. Qf6 {[%emt 0:00:02]} Rf8 {[%emt 0:00:07]} 16. Qxg7 {[%emt 0:00:02] Zeit} 1-0

[Event "Stay Safe Play From Home 329"]
[Site "Mustafa Kemal Atatürk"]
[Date "2020.07.24"]
[Round "2"]
[White "Meini"]
[Black "Schachwerk_64"]
[Result "0-1"]
[WhiteElo "1506"]
[BlackElo "1900"]
[Annotator "NA"]
[PlyCount "58"]
[EventDate "2020.07.24"]
[EventType "swiss (blitz)"]

1. d4 {[%emt 0:00:02]} Nc6 {[%emt 0:00:00]} 2. Bf4 {[%emt 0:00:02]} d5 {[%emt 0:00:01]} 3. e3 {[%emt 0:00:00]} Nf6 {[%emt 0:00:01]} 4. Nf3 {[%emt 0:00:00]} e6 {[%emt 0:00:01]} 5. h3 {[%emt 0:00:00]} Bd6 {[%emt 0:00:00]} 6. Bxd6 {[%emt 0:00:02]} cxd6 {[%emt 0:00:01]} 7. c3 {[%emt 0:00:00]} O-O {[%emt 0:00:01]} 8. Be2 {[%emt 0:00:01]} e5 {[%emt 0:00:00]} 9. dxe5 {[%emt 0:00:02]} dxe5 {[%emt 0:00:01]} 10. O-O {[%emt 0:00:00]} e4 {[%emt 0:00:00]} 11. Nd4 {[%emt 0:00:02]} Ne5 {[%emt 0:00:01]} 12. Nd2 {[%emt 0:00:03]} Ng6 {[%emt 0:00:05]} 13. c4 {[%emt 0:00:01]} Re8 {[%emt 0:00:03]} 14. cxd5 {[%emt 0:00:01]} Nxd5 {[%emt 0:00:00]} 15. Bc4 {[%emt 0:00:02]} Qg5 {[%emt 0:00:02]} 16. Kh1 {[%emt 0:00:03]} Nh4 {[%emt 0:00:05]} 17. Rg1 {[%emt 0:00:04]} Nxe3 {[%emt 0:00:05]} 18. fxe3 {[%emt 0:00:03]} Qxe3 {[%emt 0:00:01]} 19. N4b3 {[%emt 0:00:07]} Bxh3 {[%emt 0:00:02]} 20. Qf1 {[%emt 0:00:04]} Bxg2+ {[%emt 0:00:15]} 21. Rxg2 {[%emt 0:00:01]} Nxg2 {[%emt 0:00:01]} 22. Qxg2 {[%emt 0:00:01]} Re5 {[%emt 0:00:00]} 23. Nf1 {[%emt 0:00:03]} Rh5+ {[%emt 0:00:01]} 24. Nh2 {[%emt 0:00:01]} Re8 {[%emt 0:00:02]} 25. Rg1 {[%emt 0:00:01]} g6 {[%emt 0:00:02]} 26. Nd2 {[%emt 0:00:01]} Rd8 {[%emt 0:00:02]} 27. b3 {[%emt 0:00:02]} Rxd2 {[%emt 0:00:01]} 28. Qxd2 {[%emt 0:00:02]} Qxd2 {[%emt 0:00:01]} 29. Bf1 {[%emt 0:00:01]} Qxh2# {[%emt 0:00:01] (Lag: Av=0.39s, max=0.5s)} 0-1

[Event "Stay Safe Play From Home 329"]
[Site "Mustafa Kemal Atatürk"]
[Date "2020.07.24"]
[Round "2"]
[White "Klasman"]
[Black "Padmaesh M K"]
[Result "0-1"]
[WhiteElo "1330"]
[BlackElo "1715"]
[Annotator "NA"]
[PlyCount "48"]
[EventDate "2020.07.24"]
[EventType "swiss (blitz)"]

1. f4 {[%emt 0:00:02]} e5 {[%emt 0:00:02]} 2. fxe5 {[%emt 0:00:01]} d6 {[%emt 0:00:00]} 3. Nf3 {[%emt 0:00:01]} dxe5 {[%emt 0:00:02]} 4. e4 {[%emt 0:00:01]} Nc6 {[%emt 0:00:01]} 5. Bb5 {[%emt 0:00:02]} Bg4 {[%emt 0:00:01]} 6. h3 {[%emt 0:00:04]} Bxf3 {[%emt 0:00:01]} 7. Qxf3 {[%emt 0:00:01]} Nge7 {[%emt 0:00:01]} 8. O-O {[%emt 0:00:01]} a6 {[%emt 0:00:00]} 9. Qxf7+ {[%emt 0:00:03]} Kd7 {[%emt 0:00:02]} 10. Qe6+ {[%emt 0:00:03]} Kxe6 {[%emt 0:00:02]} 11. Bc4+ {[%emt 0:00:03]} Kd7 {[%emt 0:00:01]} 12. Nc3 {[%emt 0:00:03]} Ng6 {[%emt 0:00:02]} 13. Rf7+ {[%emt 0:00:04]} Be7 {[%emt 0:00:02]} 14. Nd5 {[%emt 0:00:04]} Kc8 {[%emt 0:00:01]} 15. d3 {[%emt 0:00:03]} Rf8 {[%emt 0:00:02]} 16. Rxg7 {[%emt 0:00:02]} Bc5+ {[%emt 0:00:01]} 17. Kh2 {[%emt 0:00:02]} Nf4 {[%emt 0:00:12]} 18. Rxh7 {[%emt 0:00:03]} Rg8 {[%emt 0:00:03]} 19. Bxf4 {[%emt 0:00:03]} exf4 {[%emt 0:00:01]} 20. Nxf4 {[%emt 0:00:03]} Bd6 {[%emt 0:00:01]} 21. g3 {[%emt 0:00:03]} Qg5 {[%emt 0:00:02]} 22. Bxg8 {[%emt 0:00:04]} Bxf4 {[%emt 0:00:02]} 23. Be6+ {[%emt 0:00:03]} Kb8 {[%emt 0:00:03]} 24. Rh8+ {[%emt 0:00:01]} Ka7 {[%emt 0:00:01] Time (Lag: Av=0.44s, max=0.6s)} 0-1

[Event "Stay Safe Play From Home 329"]
[Site "Mustafa Kemal Atatürk"]
[Date "2020.07.24"]
[Round "2"]
[White "W Nelles"]
[Black "lamborghini"]
[Result "0-1"]
[WhiteElo "1177"]
[BlackElo "2191"]
[Annotator "TA"]
[PlyCount "60"]
[EventDate "2020.07.24"]
[EventType "swiss (blitz)"]

{[%evp 9,60,27,30,27,30,25,34,31,41,0,21,17,25,-10,0,0,7,6,0,-61,-64,-90,-91,-70,-12,-10,0,-174,-21,-163,-99,-212,-216,-211,-93,-97,-102,-99,-98,-86,-76,-263,-270,-389,-401,-546,-537,-1375,-1372,-1321,-1317,-6047,-903]} 1. e4 g6 2. Nf3 Bg7 3. Bc4 e6 4. c3 Ne7 5. d4 d5 6. exd5 {B06: Modern Defence.} exd5 7. Bb3 {[#]} h6 $146 ({Predecessor:} 7... O-O 8. Bg5 c6 9. h3 h6 10. Bf4 Nd7 11. Qc1 Kh7 12. Na3 f5 13. Qd2 Nf6 {0-1 (43) Raedisch,P (1606)-Nemoj,I (1800) Hamburg 2018}) 8. O-O {White is slightly better.} O-O 9. Ne5 c6 10. Bf4 Nf5 11. Qf3 Na6 12. Nd2 Nc7 13. Rae1 Ne6 14. g4 (14. Bc2 $11) 14... Nh4 $15 15. Qg3 Nxf4 16. Qxf4 Qg5 (16... f6 $15 17. Nef3 g5) 17. Qxg5 $11 hxg5 18. Ndf3 $2 {[#]} (18. h3 $11) 18... Bxg4 $2 (18... Bxe5 $1 $19 19. Nxh4 Bd6) 19. Nxg5 {[#]} (19. Nxh4 $1 $11 {and White stays safe.} Bxe5 20. Nxg6 Bxh2+ 21. Kxh2 fxg6 22. Bc2) 19... Bf5 ({Black should try} 19... Bh5 $1 $19 {Hoping for ...f6.} 20. c4 Rad8 21. cxd5 cxd5) 20. Nef3 (20. c4 $17 {was necessary.} Rad8 21. cxd5 cxd5 22. Rd1) 20... Nxf3+ $19 21. Nxf3 Rfe8 (21... Bh3 $19 {has better winning chances.} 22. Re7 Bxf1 23. Kxf1 Rab8) 22. Rxe8+ $17 Rxe8 23. Re1 Rxe1+ 24. Nxe1 {[%mdl 4096] Endgame KBB-KBN} Bh6 25. Kg2 $2 (25. Bc2 $17) 25... Bc1 $19 26. f3 (26. c4 {is a better defense.}) 26... Bxb2 27. h4 Bxc3 {Black is clearly winning.} 28. Kg3 Bxe1+ 29. Kf4 Bxh4 30. Bxd5 Be7 {Accuracy: White = 33%, Black = 68%.} 0-1

[Event "Stay Safe Play From Home 329"]
[Site "Mustafa Kemal Atatürk"]
[Date "2020.07.24"]
[Round "3"]
[White "Mepe_Nika"]
[Black "SoulofWolf"]
[Result "1-0"]
[WhiteElo "2423"]
[BlackElo "2156"]
[Annotator "TA"]
[PlyCount "35"]
[EventDate "2020.07.24"]
[EventType "swiss (blitz)"]

{[%evp 9,35,6,33,32,54,54,52,54,54,53,52,47,52,26,31,47,248,221,388,379,518,527,533,522,587,590,1202,1137]} 1. d4 d5 2. Bf4 Nf6 3. e3 Bf5 4. c4 e6 5. Nc3 c6 6. Qb3 {D00: 1 d4 d5: Unusual lines.} Qb6 {6...Qc8 is the hot move.} 7. c5 Qxb3 8. axb3 {White is slightly better.} Be7 9. b4 O-O 10. b5 Nbd7 11. bxc6 bxc6 12. Ba6 {Nf3 is the strong threat.} Nh5 $2 {[#] Black cannot hold the game after this.} (12... e5 $1 $14 13. Bg3 Rfb8) 13. Bc7 $1 $18 {[#]} Bd8 $146 (13... Rae8 {keeps fighting.} 14. Nf3 Nhf6) ({Predecessor:} 13... e5 14. Nf3 Be4 15. Nxe4 dxe4 16. Nxe5 Nxe5 17. Bxe5 Nf6 18. Bb7 Nd7 19. Bg3 a5 20. Bxc6 Ra7 21. b4 Rc8 22. Bxe4 {1-0 (22) Babarykin,S (2387)-Bratu,G (1799) Calimanesti 2019}) 14. Bd6 Re8 15. Bb7 {[%mdl 64] Double Attack. White is clearly winning.} Bf6 16. Bxc6 Rad8 17. Bc7 Re7 {If only Black now had time for ...Rc8....} 18. Bxd8 {Accuracy: White = 90%, Black = 40%.} 1-0

[Event "Stay Safe Play From Home 329"]
[Site "Mustafa Kemal Atatürk"]
[Date "2020.07.24"]
[Round "3"]
[White "lamborghini"]
[Black "BrainThinker22"]
[Result "0-1"]
[WhiteElo "2191"]
[BlackElo "2381"]
[Annotator "NA"]
[PlyCount "106"]
[EventDate "2020.07.24"]
[EventType "swiss (blitz)"]

1. e4 {[%emt 0:00:02]} d5 {[%emt 0:00:00]} 2. exd5 {[%emt 0:00:01]} Qxd5 {[%emt 0:00:00]} 3. Nc3 {[%emt 0:00:00]} Qd6 {[%emt 0:00:00]} 4. Qf3 {[%emt 0:00:01]} Nf6 {[%emt 0:00:01]} 5. Bc4 {[%emt 0:00:01]} a6 {[%emt 0:00:01]} 6. d3 {[%emt 0:00:01]} Nc6 {[%emt 0:00:00]} 7. Nge2 {[%emt 0:00:01]} Bg4 {[%emt 0:00:01]} 8. Qg3 {[%emt 0:00:01]} Qxg3 {[%emt 0:00:01]} 9. hxg3 {[%emt 0:00:00]} e6 {[%emt 0:00:01]} 10. f3 {[%emt 0:00:01]} Bf5 {[%emt 0:00:01]} 11. a3 {[%emt 0:00:01]} O-O-O {[%emt 0:00:02]} 12. g4 {[%emt 0:00:01]} Bg6 {[%emt 0:00:01]} 13. Be3 {[%emt 0:00:01]} Nd5 {[%emt 0:00:01]} 14. Bd2 {[%emt 0:00:01]} Bc5 {[%emt 0:00:02]} 15. Ne4 {[%emt 0:00:01]} Bxe4 {[%emt 0:00:01]} 16. dxe4 {[%emt 0:00:02]} Ne3 {[%emt 0:00:01]} 17. Bxe3 {[%emt 0:00:01]} Bxe3 {[%emt 0:00:00]} 18. Bd3 {[%emt 0:00:04]} Ne5 {[%emt 0:00:04]} 19. Rd1 {[%emt 0:00:04]} c5 {[%emt 0:00:02]} 20. b3 {[%emt 0:00:02]} b5 {[%emt 0:00:02]} 21. Nc1 {[%emt 0:00:12]} c4 {[%emt 0:00:04]} 22. bxc4 {[%emt 0:00:01]} bxc4 {[%emt 0:00:01]} 23. Be2 {[%emt 0:00:01]} Rxd1+ {[%emt 0:00:01]} 24. Kxd1 {[%emt 0:00:02]} Rd8+ {[%emt 0:00:01]} 25. Nd3 {[%emt 0:00:01]} cxd3 {[%emt 0:00:01]} 26. cxd3 {[%emt 0:00:00]} Nxd3 {[%emt 0:00:00]} 27. Bxd3 {[%emt 0:00:01]} Rxd3+ {[%emt 0:00:00]} 28. Ke2 {[%emt 0:00:00]} Rxa3 {[%emt 0:00:00]} 29. Rb1 {[%emt 0:00:01]} Kd7 {[%emt 0:00:00]} 30. g5 {[%emt 0:00:01]} Bxg5 {[%emt 0:00:01]} 31. Rb7+ {[%emt 0:00:00]} Ke8 {[%emt 0:00:01]} 32. Rb8+ {[%emt 0:00:01]} Ke7 {[%emt 0:00:00]} 33. Rb7+ {[%emt 0:00:00]} Kf6 {[%emt 0:00:01]} 34. g3 {[%emt 0:00:00]} e5 {[%emt 0:00:01]} 35. Rb6+ {[%emt 0:00:01]} Ke7 {[%emt 0:00:00]} 36. Rb7+ {[%emt 0:00:00]} Ke6 {[%emt 0:00:00]} 37. Rb6+ {[%emt 0:00:00]} Kd7 {[%emt 0:00:00]} 38. Rb7+ {[%emt 0:00:00]} Ke8 {[%emt 0:00:00]} 39. Rb8+ {[%emt 0:00:01]} Bd8 {[%emt 0:00:00]} 40. Rb7 {[%emt 0:00:00]} a5 {[%emt 0:00:01]} 41. f4 {[%emt 0:00:00]} exf4 {[%emt 0:00:01]} 42. gxf4 {[%emt 0:00:01]} a4 {[%emt 0:00:00]} 43. e5 {[%emt 0:00:00]} g6 {[%emt 0:00:01]} 44. f5 {[%emt 0:00:00]} gxf5 {[%emt 0:00:00]} 45. e6 {[%emt 0:00:01]} fxe6 {[%emt 0:00:00]} 46. Rxh7 {[%emt 0:00:02]} Bf6 {[%emt 0:00:00]} 47. Ra7 {[%emt 0:00:01]} Ra2+ {[%emt 0:00:01]} 48. Kd1 {[%emt 0:00:00]} a3 {[%emt 0:00:00]} 49. Kc1 {[%emt 0:00:01]} Ra1+ {[%emt 0:00:01]} 50. Kc2 {[%emt 0:00:01]} a2 {[%emt 0:00:00]} 51. Kb3 {[%emt 0:00:00]} Rb1+ {[%emt 0:00:01]} 52. Kc4 {[%emt 0:00:01]} a1=Q {[%emt 0:00:01]} 53. Ra3 {[%emt 0:00:01]} Qd4# {[%emt 0:00:02] (Lag: Av=0.44s, max=1.1s)} 0-1

[Event "Stay Safe Play From Home 329"]
[Site "Mustafa Kemal Atatürk"]
[Date "2020.07.24"]
[Round "3"]
[White "SelamiSahin"]
[Black "Lazieri3"]
[Result "1-0"]
[WhiteElo "2140"]
[BlackElo "2054"]
[Annotator "TA"]
[PlyCount "147"]
[EventDate "2020.07.24"]
[EventType "swiss (blitz)"]

{[%evp 11,147,13,30,-2,24,18,34,29,47,26,34,29,38,20,38,13,12,10,18,9,18,10,0,0,10,-160,16,-18,8,1,8,-20,0,-26,61,61,68,57,67,49,63,56,53,30,33,22,29,0,0,0,0,0,0,0,0,0,273,0,541,0,0,0,0,0,0,0,0,0,0,0,0,0,0,0,0,0,0,0,0,0,0,0,0,0,0,0,0,0,0,0,0,0,0,0,0,0,0,0,0,0,0,0,0,0,10,0,8,8,29973,29976,29979,29980,29981,29982,29982,29983,29983,29984,29984,29985,29985,29986,29986,29987,29987,29988,29988,29988,29988,29989,29989,29990,29992,29993,29993,29992,29994,29993]} 1. d4 c6 2. c4 d5 3. Nc3 Nf6 4. Nf3 Bg4 5. e3 e6 6. h3 Bh5 7. Bd3 {D11: Slav Defence: 3 Nf3 sidelines and 3...Nf6 4 e3 Bg4.} Bg6 (7... Nbd7 {with more complications.} 8. O-O Be7 9. b3 O-O 10. Bb2 Bb4) 8. O-O {[#]} Bxd3 $146 ({Predecessor:} 8... Nbd7 9. Re1 Bb4 10. Bxg6 hxg6 11. Qb3 a5 12. a3 Bxc3 13. bxc3 Qb6 14. Qxb6 Nxb6 {1-0 (64) Sargissian,G (2702)-Ponomariov,R (2712) Huaian 2016}) 9. Qxd3 {White is slightly better.} Bd6 10. b3 O-O 11. Bb2 Qe7 12. Rfe1 Ba3 13. Rab1 Bxb2 14. Rxb2 Nbd7 15. Rbe2 Qd6 16. e4 dxe4 17. Nxe4 Nxe4 18. Rxe4 $2 {[#]} ({White has to play} 18. Qxe4 $11 Rfd8 19. Qe3) 18... h6 $2 (18... Nc5 $1 $17 {[%cal Rc5d3][%mdl 512]} 19. Qc3 (19. dxc5 Qxd3) 19... Nxe4 20. Rxe4 c5 21. dxc5 Qxc5) 19. Ne5 (19. Rd1 {feels hotter.} Qc7 20. Ree1 Rfd8 21. Qe3 Rac8 22. Qe2) 19... Nxe5 20. Rxe5 Rad8 21. R5e4 c5 {[%cal Rc5d4]} 22. Rd1 (22. d5 {is interesting.} exd5 23. cxd5 Qxd5 24. Qxd5 Rxd5 25. Re7) 22... cxd4 (22... f5 $11 23. Re5 cxd4) 23. Rxd4 $14 Qxd4 24. Qxd4 Rxd4 25. Rxd4 $11 {[%mdl 4096] Endgame KR-KR} f6 26. Rd7 Rf7 27. Rd6 e5 28. Rd8+ Rf8 29. Rxf8+ (29. Rd5 {seems wilder.} Rf7 30. Kf1 Rc7 31. Ke2 Kf7 32. g4) 29... Kxf8 {KP-KP} 30. Kf1 Ke7 31. Ke2 f5 32. Kd3 Kd6 33. b4 g5 $2 {[%mdl 8192]} (33... g6 $11 {and Black stays safe.}) 34. a3 $2 ({White must play} 34. g4 $1 $18) 34... g4 $2 {[%mdl 8192] [#]} (34... h5 $1 $11) 35. f3 $2 (35. hxg4 $1 $18 fxg4 36. Ke4) 35... gxh3 36. gxh3 h5 37. h4 Kc6 38. Ke3 Kb6 39. Kd3 a5 40. Ke3 Ka6 41. Kd3 Kb6 42. Ke3 Ka6 43. Kd2 Kb6 44. Kc3 Ka6 45. Kb3 Kb6 46. Kc2 Ka6 47. Kd1 Kb6 48. Ke2 axb4 49. axb4 Kc6 50. Ke3 b6 51. Kd3 $1 Kd6 52. Ke2 Kc6 53. Kd2 Kd6 54. Kc3 Kc6 55. Kd3 Kd6 56. Kc3 Kc6 57. Kb3 b5 58. Kc3 bxc4 59. Kxc4 {K3P-K3P} Kd6 $2 {[%mdl 8192] Now Black is done in.} (59... e4 $11 60. fxe4 fxe4) 60. b5 {White mates.} e4 61. fxe4 fxe4 {KPP-KPP} 62. Kd4 e3 63. Kxe3 {KPP-KP} Kc5 {[#]} 64. Kf4 $1 Kxb5 {KP-KP} 65. Kg5 Kc6 66. Kxh5 {KP-K} Kd7 67. Kg6 Ke8 68. Kg7 Ke7 69. h5 Ke6 70. h6 Kf5 71. h7 Kg5 72. h8=Q Kf4 73. Qf8+ Ke5 74. Qf6+ {Accuracy: White = 81%, Black = 81%.} 1-0